|
|
|
|
| LEADER |
00000nab a2200000 a 4500 |
| 001 |
vtls008934313 |
| 003 |
SK-MaSNL |
| 005 |
20260304145902.0 |
| 008 |
250505c2006 xo |||||||||||000 b|slo |
| 015 |
|
|
|a SNBRB2007/01
|2 snkbucl
|
| 035 |
|
|
|a urn:nbn:sk:snk-ab8823
|
| 035 |
|
|
|a (urnnbn)urn:nbn:sk:snk:ar-006py1
|
| 035 |
|
|
|a (uuid)fdb4ef1b-62cb-4aa1-bc5a-8cb45872f35a
|
| 038 |
|
|
|a SNKBUCL
|
| 040 |
|
|
|a SNKBUCL
|b slo
|c SNKBUCL
|e AACR2
|
| 041 |
0 |
|
|a slo
|
| 044 |
|
|
|a xo
|c SK
|
| 080 |
|
|
|a 636.32/.38.084
|2 1997
|
| 100 |
1 |
|
|a Karas, Ivan,
|d 1942-
|4 aut
|9 92153
|
| 245 |
1 |
0 |
|a Prevádzkovo-technologické požiadavky na kŕmenie oviec
|b s ohľadom zmeny výšky podstielky musí byť stojisko ...
|c Ivan Karas, Roman Gálik, Andrej Hotový
|
| 300 |
|
|
|b Fotogr., tab.
|
| 650 |
0 |
7 |
|a ovce
|2 snkbucl
|9 14971
|
| 650 |
0 |
7 |
|a kŕmenie hospodárskych zvierat
|2 snkbucl
|9 2810
|
| 650 |
0 |
7 |
|a technológia
|2 snkbucl
|9 66619
|
| 650 |
0 |
7 |
|a kŕmne zariadenia
|2 snkbucl
|9 1078896
|
| 700 |
1 |
|
|a Gálik, Roman,
|d 1969-
|4 aut
|9 188648
|
| 700 |
1 |
|
|a Hotový, Andrej
|4 aut
|9 909436
|
| 773 |
0 |
|
|t Slovenský chov
|g Roč. XI, č. 9 (2006), s. 36 a 38
|x 1335-1990
|
| 850 |
|
|
|a Slovenská národná knižnica
|
| 852 |
|
|
|a Slovenská národná knižnica
|
| 954 |
|
|
|a odborná, vedecká literatúra pôvodná (slovenská)
|2 lita
|
| 958 |
|
|
|a article9
|
| 958 |
|
|
|a OND
|
| 958 |
|
|
|a EUIPO
|
| 999 |
|
|
|c 2937272
|d 2939202
|